000 00275nam a22001337a 4500
008 180127b xxu||||| |||| 00| 0 eng d
020 _a2901579477904
041 _aeng
080 _a616
100 _a4
101 _aSHM
245 _aCPT 2007
_cBeebe, M
942 _2udc
_cBK
999 _c41087
_d41087